Exhibition catalogue of the folk heritage museum of Bangla academy / (Record no. 960)

MARC details
000 -LEADER
fixed length control field 00639nam a2200205 a 4500
003 - CONTROL NUMBER IDENTIFIER
control field BD-DhJNU
005 - DATE AND TIME OF LATEST TRANSACTION
control field 20241201065632.0
008 - FIXED-LENGTH DATA ELEMENTS--GENERAL INFORMATION
fixed length control field 241101s2017 ii a b 001 0 eng
020 ## - INTERNATIONAL STANDARD BOOK NUMBER
International Standard Book Number 9840757105
040 ## - CATALOGING SOURCE
Original cataloging agency BD-DhJNU
Language of cataloging ENG
Transcribing agency BD-DhJNU
Modifying agency BD-DhJNU
082 00 - DEWEY DECIMAL CLASSIFICATION NUMBER
Classification number 398.209 KHE
Edition number 23
100 1# - MAIN ENTRY--PERSONAL NAME
Personal name Khatun, Shahida
245 10 - TITLE STATEMENT
Title Exhibition catalogue of the folk heritage museum of Bangla academy /
Statement of responsibility, etc. Shahida Khatun and Firoz Mahmud
260 ## - PUBLICATION, DISTRIBUTION, ETC.
Place of publication, distribution, etc. Dhaka :
Name of publisher, distributor, etc. Bangla Academy,
Date of publication, distribution, etc. 2017.
300 ## - PHYSICAL DESCRIPTION
Extent xiv, 312 p. :
Other physical details ill. ;
Dimensions 27 cm.
504 ## - BIBLIOGRAPHY, ETC. NOTE
Bibliography, etc. note Includes bibliographical references.
650 #0 - SUBJECT ADDED ENTRY--TOPICAL TERM
Topical term or geographic name entry element Folk Heritage
700 1# - ADDED ENTRY--PERSONAL NAME
Personal name Mahmud, Firoz
942 ## - ADDED ENTRY ELEMENTS (KOHA)
Koha item type Books
Holdings
Withdrawn status Lost status Source of classification or shelving scheme Damaged status Not for loan Collection Home library Current library Shelving location Date acquired Source of acquisition Total checkouts Full call number Barcode Date last seen Copy number Price effective from Koha item type
    Dewey Decimal Classification     Non-fiction Jagannath University Central Library Jagannath University Central Library General stacks 12/01/2024 Purchased   398.209 KHE JNUCL35053 12/01/2024 1 12/01/2024 Books
    Dewey Decimal Classification     Non-fiction Jagannath University Central Library Jagannath University Central Library General stacks 12/01/2024 Purchased   398.209 KHE JNUCL35054 12/01/2024 2 12/01/2024 Books